00514nam a2200157Ia 4500003000900000008004100009020001800050040001600068080001300084100001800097245013900115260005100254300001000305650002200315650001900337IN-BaIIA211028s9999 xx 000 0 eng d a81-900037-0-4 cIIA Library a624bRAI aRaikar, R. N. 0aLearning from failuresbdeficiencies in design, construction and servicecR. N. Raikar  aBombaybR & D Centre Structwel Designersc1987 a423p. aCivil engineering aNASA Thesaurus